[Event "WchT 12th"]
[Site "Astana"]
[Date "2019.03.11"]
[Round "6.9"]
[White "Maghsoodloo, Parham"]
[Black "Adams, Michael"]
[Result "0-1"]
[WhiteElo "2673"]
[BlackElo "2708"]
[Annotator "Adams,M"]
[PlyCount "138"]
[EventDate "2019.03.05"]
[EventType "team-tourn"]
[EventRounds "9"]
[EventCountry "KAZ"]
[SourceTitle "CBM 189"]
[Source "ChessBase"]
[SourceDate "2019.04.29"]
[SourceVersion "1"]
[SourceVersionDate "2019.04.29"]
[SourceQuality "1"]
[WhiteTeam "Iran"]
[BlackTeam "England"]
[WhiteTeamCountry "IRI"]
[BlackTeamCountry "ENG"]

{The World Team was a tough experience for me personally, and this rather
fortunate win was a rare bright spot. However, my teammates' excellent play
meant that we collected the silver medals in the best result for the English
team in many years.} 1. d4 Nf6 2. c4 e6 3. Nf3 d5 4. Nc3 Be7 5. Bg5 {I thought
my opponent might look for a sharper option, but he sticks to his main opening
repertoire.} h6 6. Bh4 O-O 7. Qc2 c5 8. dxc5 Na6 9. e3 Nxc5 10. cxd5 Nxd5 11.
Bxe7 Nxe7 (11... Qxe7 12. Nxd5 exd5 {would lead to a position my opponent had
already reached in a couple of games with the Black pawn on h7. I wanted to
avoid} 13. Be2 Bg4 14. O-O Rac8 15. Nd4 {, but here} Ne6 16. Qd2 Qg5 {as
played once by Vladimir Kramnik, looks a good solution.}) 12. Be2 Bd7 ({
Black's knight on c5 is a bit exposed, and his colleague on e7 is also not
optimally placed.} 12... Qb6 {was probably best.}) ({The natural way to
develop the bishop} 12... b6 13. O-O Bb7 14. Rfd1 {is a bit uncomfortable.})
13. b4 Na6 14. Qb2 $1 ({A better try than} 14. a3 {which I had been
anticipating.}) 14... Qb6 15. Rb1 Rfd8 ({I need to recycle the knight from a6,
but my queen is awkwardly placed after} 15... Nc7 16. Ne5) 16. O-O Rac8 ({
Now I didn't like} 16... Nc7 17. a4 Ncd5 ({but the stronger} 17... Ned5 $1 18.
a5 Qd6 {gives my queen an escape route.}) 18. a5) 17. Rfc1 (17. a4 $5 {gives
the option to look for mass liquidation} Qxb4 18. Qxb4 Nxb4 19. Rxb4 Rxc3 20.
Rxb7 {although this still requires care.}) 17... Nc7 18. Ne5 Ncd5 19. Nc4 (19.
Nxd7 Rxd7 20. Nxd5 Rxc1+ 21. Rxc1 Nxd5 22. Rc8+ Rd8 {leads nowhere.}) 19... Qc7
20. Ne4 Qb8 21. b5 ({A good decision taking more space,} 21. Ned6 Rc6 22. e4 (
22. Nxf7 Kxf7 23. Ne5+ Kg8 24. Nxc6 Nxc6 {is fine for Black.}) 22... Nb6 23. e5
Nxc4 24. Bxc4 Nc8 25. Ne4 Nb6 {swaps enough material to survive.}) 21... Be8 {
White is a bit better, but as my last few moves were forced, this enabled me
to catch up on the clock, and although my position is cramped it remains solid.
} 22. a4 b6 23. g3 Nf5 24. Ned2 (24. Ne5 {is met by} Nc3 25. Rxc3 Qxe5 26. Rxc8
) 24... Nf6 {Dodging the fork, and trying to manoeuvre the knight towards c5.}
25. Bf1 ({The calm} 25. Rc2 $1 {doubling rooks whilst keeping all options open
looks best.}) 25... Nd6 ({Now} 25... Nd7 26. e4 $1 {is annoying.}) 26. Ne5 Nde4
27. Ndc4 ({After this my knights are better placed than my opponent's.} 27.
Nxe4 $1 Nxe4 28. Bg2 {was the most testing aiming to land a minor piece on c6.}
Nc3 $5 (28... Nc5 $6 29. Rc4 $16) (28... Rxc1+ 29. Rxc1 Nc5 30. Ra1 $14) 29.
Nxf7 $1 (29. Rxc3 Qxe5 {equalises.}) 29... Nxa4 30. Qa3 Rxc1+ 31. Rxc1 Kxf7 32.
Qxa4 a5 $1 {this still looks a bit shaky but the protected passed a-pawn may
compensate for the other defects in my position.}) 27... Nd5 28. f3 $6 ({
Finally both Black steeds have found good posts and} 28. Bg2 Nc5 {is nothing
special. Now my opponent starts drifting, I don't like the game move weakening
the kingside.}) 28... Nc5 29. e4 $6 ({Forcing matters is a sign White had not
realised his edge has evaporated although} 29. Qa3 f6 {holds no fears for
Black.}) 29... Nxa4 $1 {Seizing my chance.} 30. Qa3 Ndc3 31. Rxc3 Nxc3 32. Qxc3
Rc5 $1 {The point. I will win the pawn on b5 and the bishop on e8 has found a
new lease of life.} 33. Nd3 $1 Rxb5 34. Rc1 {Although the rook on b5 isn't
under immediate threat it doesn't have any clear escape route.} Rc8 35. Qa3 a5
36. Qa2 $5 ({This worked out well as we were both struggling to come to terms
with the unusual nature of the position with little time to arrive at move 40.
} 36. Be2 $1 {so that} a4 {can be met by} 37. Bd1 {was stronger.}) 36... Bd7 $6
({Failing to understand that the queen move had freed the rook to find a
better post. After} 36... a4 $5 37. Qxa4 Rb1 38. Qxe8+ Rxe8 39. Rxb1 b5 {
White's loose king means the material balance is good for Black - especially
in practice.} 40. Ne3 (40. Nf2 Rd8 41. Rb3 Rd4 42. Nb2 b4) 40... Rc8) ({
The composed} 36... Rc7 $5 {preparing a4 is also a good idea.}) 37. Rd1 $1 Rd8
({I had intended to follow my last move with} 37... e5 $2 {followed by Be6,
but realised in time that} 38. Nf4 exf4 39. Rxd7 fxg3 40. Nd6 {is crushing.}) (
37... Bc6 {maintains much better co-ordination, it's important for the bishop
to eye the kingside as my rook is about to be banished there.}) 38. Na3 Rh5 39.
g4 (39. e5 $1 {Cutting off the rook is logical , there is little choice but to
play} b5 40. g4 Rh4 41. Qf2 g5 {which doesn't inspire confidence.}) 39... Rg5
40. h4 $2 (40. e5 Bc6 {was still best with all to play for. Attacking the rook
looks logical but I managed to spot that the now unprotected g3 square was
important.}) 40... Qg3+ 41. Bg2 (41. Qg2 Qxh4 42. Nf2 Rc5 {defends the rook on
d8, and leaves White too much material behind.}) 41... Ba4 ({The most
practical move, now all my pieces get active, but the mundane} 41... Qxh4 {
was also pretty good.}) 42. Nc2 ({There is little hope for White. After} 42.
Rd2 {I was tempted by} Rc5 (42... Qxh4 $19) 43. Nxc5 $2 Qe1+) (42. hxg5 Bxd1
43. Qf2 Qd6 $19) ({Or} 42. Rc1 Qxh4 43. Qf2 Qxf2+ 44. Nxf2 Rc5 {and there are
too many pawns.}) 42... Bxc2 43. Qxc2 Qxh4 44. Rb1 (44. e5 $1 {is a better try,
but after} h5 45. Qc7 Rg6 46. Qxb6 hxg4 47. f4 a4 48. Qa5 g3 49. Qxa4 Rg4 {
the fact that only kingside pawns remain won't save White with g5 coming.})
44... h5 45. gxh5 (45. Rxb6 hxg4 46. f4 Rh5 47. e5 Qg3 48. Rd6 Rb8 {is also
hopeless.}) 45... Qxh5 46. Kf1 (46. Rxb6 Qxf3 $19) 46... b5 47. Rc1 Rxg2 $5 ({
Simplifying the position, but after} 47... Qh2 $1 {White is so passively
placed it is easy to nudge the pawns forward.}) 48. Kxg2 Qg5+ 49. Kh3 Rxd3 50.
Qxd3 Qxc1 51. Qxb5 {My technique was far from impressive, but there isn't much
hope here.} Qf4 52. Kg2 Qd2+ 53. Kh3 Qd8 54. Qc6 g6 55. Kg4 Qd2 56. Qb5 Qc3 57.
f4 Kg7 58. e5 Qd2 59. Qa4 Qb4 60. Qd1 a4 61. Qd8 Qf8 62. Qa5 Qe8 $1 (62... a3
$6 63. Kg3 {leaves my queen awkwardly placed.}) 63. Qa7 Qc6 64. Kh4 ({After} 
64. Qe7 Qa8 65. Kg5 a3 66. Qf6+ Kg8 {White doesn't have any threats.}) 64...
Qe4 65. Kg4 Qf5+ 66. Kg3 Qd3+ 67. Kh4 a3 68. Qe7 a2 69. Qa7 Qd2 0-1

[Event "Hoogovens-B"]
[Site "Wijk aan Zee"]
[Date "1997.02.01"]
[Round "10"]
[White "Riemersma, Liafbern"]
[Black "Atalik, Suat"]
[Result "0-1"]
[WhiteElo "2435"]
[BlackElo "2555"]
[Annotator "Atalik,S"]
[PlyCount "80"]
[EventDate "1997.01.21"]
[EventType "tourn"]
[EventRounds "11"]
[EventCountry "NED"]
[EventCategory "10"]
[SourceTitle "CBM 057"]
[Source "ChessBase"]
[SourceDate "1997.04.01"]
[SourceVersion "1"]
[SourceVersionDate "1997.04.01"]
[SourceQuality "1"]

1. d4 {Tsesarsky} Nf6 2. c4 e6 3. Nf3 d5 4. Nc3 Nbd7 5. Bg5 h6 6. Bh4 Be7 {
Bu son derece saglam bir sistem.h6 ninbu asaamada oynanmis olmasi bir cok
varyantta siyahlarin lehine.} 7. Qc2 (7. cxd5 {Tsesarsky} exd5 (7... Nxd5 8.
Bxe7 Qxe7 9. g3 Nxc3 10. bxc3 b6 11. Bg2 $14 {1/2-1/2 Olafsson,H-Christiansen,
L/Reykjavik op 1988 (30)}) 8. e3 c6 9. Bd3 {Carlsbad Variation} Ne4 10. Bxe7
Qxe7 11. Qc2 {1/2-1/2 Topalov,V-Eingorn,V/II Torneo Internacional de Pamplona /
A 1992 (40)}) 7... c5 $1 (7... O-O {Tsesarsky} 8. e3 dxc4 (8... c6 9. a3 dxc4
10. Bxc4 Nd5 11. Bg3 Nxc3 12. bxc3 $14 {1-0 Portisch,F-David,A/Zalakaros op
1992 (29)}) 9. Bxc4 a6 10. a3 b5 11. Ba2 Bb7 12. Rd1 Qe8 13. Bb1 g6 14. O-O c5
15. dxc5 Nxc5 16. b4 Ncd7 17. e4 $14 {1-0 Rashkovsky,N-Savon,V/Moscow GMA-op
1989 (48)}) (7... dxc4 {Tsesarsky} 8. e3 (8. e4 a6 9. a4 c5 10. dxc5 Qc7 11.
Bxc4 Bxc5 12. Qe2 Nh5 13. O-O-O O-O 14. e5 Nb6 15. Bb3 Bd7 16. Kb1 Nf4 17. Qc2
Bb4 18. Qe4 Bxc3 19. Qxf4 Ba5 20. Bf6 $1 $16 {1-0 Savchenko,S-Smagin,S/Moscow
Tal 1992 (27)}) 8... a6 9. a4 c5 10. dxc5 Nd5 11. Bxe7 Nb4 12. Qd2 Qxe7 13. Ne4
Nxc5 14. Nd6+ Kf8 15. Qxb4 Qxd6 16. Qxc4 $14 {1-0 Barbero,G-Costa,J/Bern 1991 
(40)}) 8. dxc5 (8. cxd5 {Tsesarsky} cxd4 9. dxe6 dxc3 10. exd7+ Bxd7 11. Qxc3
Rc8 12. Qd2 Qb6 13. Bxf6 (13. a3 $2 Ne4 14. Qd5 Qxb2 $19) 13... Bxf6 14. Rd1
Be6 $15) 8... Qa5 9. Nd2 $6 (9. cxd5 Nxd5 10. Bxe7 Nxe7 $11 (10... Nxc3 11. Bd6
Ne4+ 12. Nd2 Ndxc5 13. Bxc5 Nxc5 14. Rc1 b6 15. a3 Qa4) (10... Kxe7 11. Qa4 (
11. Rc1 Qxc5 12. Nxd5+ Qxd5) (11. Nd2 Nb4 12. Qd1 Qxc5 13. Nde4 Qd4) 11... Qxc5
12. Nxd5+ Qxd5 13. Rd1 Qc5)) (9. e3 dxc4 (9... Nxc5 {Tsesarsky} 10. Nd2 Nce4
11. Nb3 Qc7 12. Nxe4 Nxe4 13. Bxe7 Qxe7 14. cxd5 exd5 15. Bb5+ Bd7 16. Bxd7+
Qxd7 17. O-O $14 {Seirawan,Y-Orlov,G/New York op 1990/1/2-1/2 (64)}) 10. Bxc4
Qxc5 (10... Nxc5 11. O-O O-O 12. a3 Ncd7) 11. Qe2 O-O 12. O-O a6 (12... b6 13.
Rac1 Bb7 14. Bd3 Qh5 15. Ne4 Rfc8) 13. Rac1 b5 14. Bd3 Qh5 15. Ne4 Bb7) 9...
dxc4 10. e3 (10. O-O-O {Tsesarsky} O-O 11. e3 Nxc5 12. Nxc4 Qb4 $132) 10... O-O
11. Bxc4 Qxc5 (11... Nxc5 {Tsesarsky} 12. O-O (12. O-O-O $6 a6 (12... Bd7 13.
Bxf6 Bxf6 14. Nde4 Bxc3 15. Qxc3 Qxc3+ 16. Nxc3 Rac8 $11) 13. Nde4 b5 14. Bxf6
gxf6 15. Bd5 $1 Ra7 16. Nxc5 Bxc5 17. Bf3 Rc7 18. Kb1 Bb4 19. Rd3 Bxc3 $15)
12... a6 $1 (12... Rd8 13. a3 Ncd7 14. b4 Qh5 15. Bg3 Ne5 16. Be2 Qg6 17. Nde4
Nxe4 18. Nxe4 Nc6 19. Rfd1 $16) (12... Bd7 13. a3 Na4 14. b4 Qd8 15. Nxa4 Bxa4
16. Qxa4 Qxd2 17. Rfd1 $16) 13. a4 {[%csl Rb4,Yb5]} (13. a3 b5 14. b4 Qc7 15.
Bg3 (15. Be2 Na4 16. Rac1 Qxc3 17. Qxc3 Nxc3 18. Rxc3 Nd5 19. Bxe7 Nxc3 20. Bf3
Re8 21. Bxa8 Rxe7 22. Ne4 Nxe4 23. Bxe4 Rc7 $11) 15... Qc6 16. Be2 Na4 17. Bf3
(17. Rfc1 Qxc3 18. Qxc3 Nxc3 19. Rxc3 Nd5 (19... a5 20. bxa5 Rxa5 21. Bc7 Ra7
22. Bb6 Nd5 23. Rxc8 (23. Bxa7 Nxc3 24. Bf3 Bd7 $11) 23... Nxb6 $11) 20. Rc2
Bb7 21. e4 Nf6 22. Rc7 Rad8 23. Rxe7 Rxd2 24. Bxb5 axb5 25. Rxb7 Nxe4 26. Rxb5
Rc8 $44) 17... Nd5 18. Bxd5 exd5 19. Rac1 Qxc3 20. Qxc3 Nxc3 21. Rxc3 a5 $11)
13... b6 14. Rfb1 Qb4 15. b3 Rd8 16. Rd1 Bb7 17. Rac1 Qa5 $8 (17... Rac8 $2 18.
Na2 Qa5 (18... Qa3 19. Nb1 $18) 19. b4 Qxa4 20. bxc5 $18) 18. Na2 Ncd7 $132)
12. O-O b6 13. Nce4 (13. Rfd1 {Tsesarsky} Bb7 14. Nce4 Qc6 15. Bb3 Qxc2 16.
Bxc2 Rac8 $11) 13... Qc6 $1 {Bu hamleyle siyahlar inisyatifi ilginc bir
sekilde ele gecirdiler.} 14. Rac1 (14. Bd3 {Tsesarsky} Qxc2 15. Bxc2 Ba6 16.
Rfd1 Rac8 17. Rac1 $11) 14... Bb7 15. Be2 (15. f3 {Tsesarsky} Rac8 $11) 15...
Qxc2 16. Rxc2 Rfc8 17. Nc3 (17. Rfc1 Nxe4 18. Rxc8+ Bxc8 $1 (18... Rxc8 19.
Rxc8+ Bxc8 20. Nxe4 Bxh4 21. Nd6 $11) 19. Nxe4 Bxh4 20. Nd6 Nc5 21. b4 Ba6 22.
Bf3 Nd3 23. Bxa8 Nxc1 24. b5 Be7 $19) (17. Rxc8+ Rxc8 18. Nxf6+ (18. Nc3 {
Tsesarsky} g5 $6 (18... Ba3 19. Nc4 Bxb2 20. Nb5 Bd5 $1 21. Nbd6 (21. Nxb2 Rc2
$17) 21... Rc6 $17) 19. Bg3 Ba3 20. Nc4 Bxb2 21. Na4 $1 b5 22. Naxb2 bxc4 23.
Nxc4 $14) 18... Nxf6 {ve siyahlar c hattini ele gecirirler.}) 17... Nc5 18.
Rfc1 {[#]} (18. Nc4 $11 {Tsesarsky}) 18... Rd8 $1 {Bu kez siyahlar d hattinave
d3 karesine yoneldiler.} 19. Nf3 (19. Nc4 {Tsesarsky} Nd3 20. Bxd3 Rxd3 21. Ne5
Rdd8 (21... Rd6 22. Nb5 Rdd8 23. Rc7 $16) 22. Nb5 Bc5 23. b4 Bxb4 24. Rc7 Rac8
25. h3 Rxc7 26. Rxc7 Ba6 27. Nd4 Bd6 28. Rxa7 Bxe5 29. Bxf6 Bxf6 30. Rxa6 $11)
19... g5 20. Bg3 Nfe4 (20... Nd3 {Tsesarsky} 21. Bxd3 Rxd3 22. Ne5 Rdd8 23. Nb5
Bc5 24. b4 Bxb4 25. Rc7 Rac8 26. Rxc8 (26. Nxf7 Rxc7 27. Bxc7 Rd5 28. Nd8 Rxb5
29. Nxb7 Bd2 30. Rd1 Ne4 (30... Rb2 $4 31. Be5 $18) 31. Nd6 Nxd6 32. Bxd6 Rb2
33. a4 $11) 26... Rxc8 27. Rxc8+ Bxc8 28. Nxa7) 21. Nxe4 (21. Be5 f6 22. Bd4 e5
23. Bxc5 (23. Nxe4 {Tsesarsky} Bxe4 24. Bxc5 Bxc5 25. Rc3 a5 $17) 23... Bxc5
$17) 21... Bxe4 22. Rd2 Bd5 (22... Bxf3 $6 {Tsesarsky} 23. Rxd8+ Rxd8 24. Bxf3
Rd2 (24... Bf6 25. b4 Nd3 26. Rc7 $14) 25. Be5 Nd3 $4 (25... Rxf2 $4 26. Rxc5
$18) (25... f5 26. Bc3 Rd8 (26... Rxf2 $2 27. Rb1 Rc2 28. Bd1 Rxc3 29. bxc3 Ne4
30. Bb3 Kf7 31. Rd1 Bc5 32. Rd7+ Kf6 33. Rxa7 Bxe3+ 34. Kf1 Nxc3 35. Rc7 $16
Bc5 (35... Nd5 36. Bxd5 exd5 37. Rc6+ Ke5 38. Rxh6 g4 39. Rh8 $16) 36. Rc6 $16)
27. Bd4 g4 28. Be2 a5 $11) 26. Rc8+ Kh7 (26... Bf8 27. Bd6 $18) 27. Bc3 $18)
23. Bc4 (23. b3 Ne4 24. Rdd1 Ba3 $40) (23. Rdc2 $8 {Tsesarsky} h5 (23... Be4
24. Rd2) (23... a5 24. Bc7) (23... Ne4 24. Bc7 Rf8) (23... Bxa2 24. b4 Nb3 (
24... g4 25. Rxa2 gxf3 26. Bxf3 Nd3 27. Rc7 Nxb4 28. Raxa7 Rxa7 29. Rxa7 Bc5
30. Bh5 (30. Kf1 $14) 30... Nc6 31. Rxf7 Rd5 32. Rc7 Rxh5 33. Rxc6 Rd5 34. Kf1
Kf7 35. Ke2 $16) 25. Rf1 Rac8 26. Rxa2 Nc1 27. Rb2 Bxb4 28. Ba6 Ba3 29. Rb1 $16
) 24. b4 Ne4 25. Bc7 Rf8 26. Ne5 Bxb4 27. Bxh5 Rac8 28. Nd7 Ba3 (28... Rfe8 29.
f3 $18) 29. Nxf8 (29. Rd1 Rfd8 30. Ne5 Rf8 31. Nd7 $11) 29... Bxc1 30. Rxc1
Rxf8 (30... Kxf8 31. f3 Nc5 32. Bd6+ Ke8 33. a3 Rc6 34. Be5 Ke7 $11)) 23...
Bxc4 24. Rxc4 Rxd2 25. Nxd2 Rd8 26. Rd4 $6 (26. Rc2 Nd3 $1 {ve siyahlarin
durumu cok guctur.} (26... Ne4 $6 {Bu dogal hamle avantaji kaybeder.} 27. Nf1
Rd1 28. f3 $11 (28. f3 Nxg3 29. hxg3 $15) (28. Bb8 Bb4 29. Bxa7 Nd2 30. Rxd2
Bxd2 31. Bxb6 Ra1 $19)) (26... Nd3 $1 {Tsesarsky} 27. Rc7 Nxb2 28. Nf1 Bc5 29.
Rxa7 Rd1 {[%csl Rf1]} 30. Be5 Nc4 31. Bc3 Nxe3 $1 $19 (31... e5 $19 {[%csl Rf1]
[%cal Gd1c1]}))) (26. Nf1 {Tsesarsky} Rd1 27. f3 (27. b4 Nd3 28. b5 Bc5 29. Bb8
Ra1 30. Rc3 Nc1 31. Rc2 f6 $1 (31... Nxa2 $2 32. Be5 Nb4 33. Rxc5 Rxf1+ 34.
Kxf1 bxc5 35. Bd6 Nd3 36. Bb8 c4 37. Ke2 $14) 32. a4 Nb3 33. Rb2 (33. Bxa7 Rxa4
34. Rb2 Na5 $1 35. Bb8 Ra1 36. Bg3 Nc4 37. Rc2 Na3 38. Rb2 h5 $17) 33... Na5
34. Bxa7 Nc4 35. Rc2 Rxa4 36. Bb8 Na3 37. Ra2 (37. Rb2 Ra5 $19) 37... Ra5 $19)
(27. Be5 f6 28. Bd4 Ne4 29. Rc2 Bb4 30. Bc3 Bxc3 31. bxc3 Rd3 32. c4 Ra3 33.
Nd2 Nc3 34. c5 bxc5 35. Nb3 Nxa2 36. Nxc5 Nb4 (36... Rc3 37. Rxc3 Nxc3 38. Nxe6
a5 39. Nd4 a4 40. Nc2 Kf7 41. Kf1 Ke6 42. Ke1 Kd5 43. Kd2 Kc4 $19) 37. Rc1 Kf7
$19) 27... Nd3 28. Rc7 Bc5 29. Bf2 a5 30. b3 Nc1 31. g3 Nxa2 32. e4 Bxf2+ 33.
Kxf2 Rd3 $19) 26... Rxd4 27. exd4 Nd3 28. b3 (28. Bb8 {Tsesarsky} Bf6 29. Nf3
a6 30. Bc7 b5 31. b3 Nc1 32. Be5 Be7 $19) 28... Bf6 $1 29. a4 (29. Nf3 {
Tsesarsky} Nc1 $19) 29... Bxd4 30. Kf1 e5 $1 {Bu son hamleyle beyazlarin oyuna
istirak edebilen tek tasi yani Fg3 oyun disi kaliyor.} 31. Ke2 (31. Nf3 {
Tsesarsky} Bc3 32. h4 f6 $19) 31... Nc5 32. f3 f5 33. h4 Kf7 $1 {Siyahlarin
acele etmesine hic gerek yok.} 34. hxg5 hxg5 35. Be1 Bc3 36. g4 f4 37. Nc4 Bxe1
38. Kxe1 Ke6 39. Nd2 Kd5 40. Ke2 Kd4 (40... Kd4 41. b4 Nxa4 42. Ne4 Nc3+ $19)
0-1

[Event "Negroponte op"]
[Site "Chalkis"]
[Date "2010.08.11"]
[Round "3"]
[White "Atalik, Suat"]
[Black "Melia, Salome"]
[Result "1-0"]
[WhiteElo "2607"]
[BlackElo "2442"]
[Annotator "Atalik,S"]
[PlyCount "133"]
[EventDate "2010.08.09"]
[EventType "swiss"]
[EventRounds "9"]
[EventCountry "GRE"]
[SourceTitle "CBM 137 Extra"]
[Source "ChessBase"]
[SourceDate "2010.09.01"]
[SourceVersion "1"]
[SourceVersionDate "2010.09.01"]
[SourceQuality "1"]

1. d4 d5 2. c4 e6 3. Nc3 Be7 $5 {Alapin's move which is directed to alternate
in case white tries to achieve a Carlsbad structure.} 4. Nf3 ({One of many
lines is} 4. cxd5 exd5 5. Bf4 Nf6 $5 6. e3 O-O $5 7. Bd3 (7. Qc2 c5) (7. Nf3 c5
8. dxc5 Bxc5 9. Be2 Nc6 10. O-O Be6 11. Rc1 Rc8 12. a3 a6 $13) 7... c5 8. Nge2
Nc6 9. O-O Be6 10. dxc5 Bxc5 11. Rc1 Bd6 12. Nb5 Bxf4 13. Nxf4 Bg4 14. Qd2 a6
15. Nd4 Nxd4 16. exd4 Qd6 $14 {is known and even played.}) 4... Nf6 5. Bg5 O-O
(5... h6 {is more common.} 6. Bxf6 (6. Bh4 O-O 7. Qb3 $5 c5 $1 8. cxd5 exd5 9.
e3 Nc6 10. Rd1 Bg4 11. Be2 $13) 6... Bxf6 7. Qb3 $13 {is a common line with
GMs like Nikolic and Volkov.}) 6. Qb3 $6 {My affiliation for this kind of move
is unexplainable.} ({Lasker's defence intimidates everyone these days.} 6. e3
h6 7. Bh4 Ne4 8. Bxe7 Qxe7 $11) 6... Nc6 $5 {An interesting move but may not
be the best!} (6... c5 $142 $1 {is always the move.} 7. cxd5 exd5 8. e3 Nc6 9.
Rd1 Bg4 10. Be2 $13) 7. cxd5 Nxd5 8. Bxe7 (8. Bd2 $6 Na5 $1 9. Qd1 Nc4 10. e4
Nxd2 11. Qxd2 Nxc3 12. Qxc3 c5 13. dxc5 Qc7 14. Rc1 Bd7 15. Be2 Rfc8 $132) 8...
Ncxe7 9. Nxd5 $5 {Too simplistic approach.} (9. e4 Nxc3 10. bxc3 (10. Qxc3 b6
11. Bd3 Bb7 12. O-O Rc8 13. b4 c5 14. dxc5 bxc5 15. b5 c4 16. Bc2 $13) 10... b6
11. Bd3 Bb7 12. O-O Ng6 13. g3 $14) 9... exd5 10. e3 c6 11. Bd3 Qa5+ $6 {
I don't like this.} (11... Bf5 12. O-O $11 (12. Bxf5 Qa5+ 13. Qc3 (13. Kf1 $2
Nxf5 14. Qxb7 Rab8 $17) 13... Qxc3+ 14. bxc3 Nxf5 15. Ke2 Nd6 16. Nd2 f5 17. g3
Rae8 18. f4 $15)) (11... Qb6 $6 12. Qc2 Qb4+ 13. Ke2 $1 $36) 12. Qc3 Qxc3+ 13.
bxc3 Bf5 14. Kd2 Bxd3 15. Kxd3 Nf5 16. Nd2 $1 {I already started to think
about a double rook endgame having the center.} (16. c4 $5 dxc4+ 17. Kxc4 Nd6+
18. Kd3 $14 {may well be more enterprising alas having the knights over the
board has also pros and cons.}) 16... Nd6 17. c4 dxc4+ 18. Nxc4 Nxc4 19. Kxc4
$14 {safe advantage.} Rfe8 20. Rab1 Re7 21. Rhc1 Rd8 22. Kd3 f6 $5 {I find
this a little bit recessive.} (22... Rd5 $4 23. Rxc6 $18) (22... f5 23. Rc5 g6
24. h3 Kf7 25. g4 Kf6 {is an active line.} 26. gxf5 gxf5 27. Rg1 $14 {but
white may stand better after all.}) 23. Rc5 Kf7 24. g4 $1 {White started to
grab some space and it is dangerous.} Rd6 (24... Rd5 $5 25. Rxd5 (25. Rbc1 Red7
) 25... cxd5 26. Rc1 Ke6 27. Rc8 Kd6 28. Rh8 h6 29. h4 Rc7 $132) 25. Rbc1 Red7
26. a4 Rc7 27. R5c4 Rd5 28. e4 Ra5 29. f4 h5 30. h3 Rd7 31. R1c3 h4 (31... hxg4
32. hxg4 b5 $6 33. axb5 cxb5 34. Rb4 $1 (34. Rc7 $6 {The rook should not leave
the side protection for the king.} Ke7 35. d5 Ra1 36. R3c6 Ra3+ 37. Kd4 Ra4+ $1
38. Kc5 Rxe4 39. d6+ Ke8 40. Rxd7 Kxd7 41. Rc7+ Kd8 42. Rxg7 b4 $1 $11) 34...
Ra1 (34... a6 35. d5 $16) 35. d5 a6 36. Rc6 $16) 32. f5 Ke7 33. Ke3 g5 34. fxg6
Rg5 $2 {A bad mistake.} (34... Kf8 $142 35. d5 cxd5 36. Rc7 Rxc7 37. Rxc7 dxe4
38. Kxe4 b6 39. Kf4 Kg8 $1 $11 {and White can not break through.}) 35. Rc5 $1
Rxg6 36. Rh5 $18 Kd6 ({after} 36... Rg5 {I was planning to play} 37. Rxg5 $1 (
37. Rxh4 Ra5 38. Rc4 $16) 37... fxg5 38. Rc5 Kf6 39. Rf5+ Kg6 40. e5 Rf7 41.
Ke4 Rxf5 42. gxf5+ Kf7 43. Kf3 Ke8 (43... b5 44. axb5 cxb5 45. d5 $18) 44. Kg4
b5 45. axb5 cxb5 46. Kxg5 b4 47. Kf6 b3 48. Kg7 b2 49. f6 b1=Q 50. f7+ Kd7 51.
f8=Q Qg1+ 52. Kh7 Qb1+ 53. Kh8 $18 {and the queens ending seem to be winning
with White due to the power of central pawns.}) 37. Kf4 Rf7 (37... Ke6 38. Rc4
Rgg7 39. Rxh4 Rh7 40. Rxh7 Rxh7 41. Kg3 Kd6 42. Rc5 $1 $18) 38. Rxh4 b5 {
The only way to gain counterplay.} 39. Rh5 $1 b4 40. Rb3 Rb7 41. Rf5 $5 {
A little bit slow} ({since} 41. Kf5 Rg5+ 42. Kxf6 Rxh5 43. gxh5 c5 44. e5+ Kd5
45. dxc5 $18 {wins right away.}) 41... Ke6 42. a5 Rh6 43. Rc5 Kd6 44. Rc4 Rb5
45. Rcxb4 Rxa5 $5 (45... Rxb4 46. Rxb4 Rxh3 47. Rb7 Rd3 48. Rxa7 Rxd4 49. a6
Ra4 50. Kf5 $18) 46. Rc4 Rb5 47. Rbc3 Rb6 48. Rc5 Rh8 49. Rf5 Ke7 50. Ra3 a6
51. Rfa5 Kd7 52. Kf5 Ra8 (52... Rb5+ 53. Kxf6) 53. h4 (53. Kxf6 c5+ 54. Ke5
Re8+ 55. Kf4 cxd4 56. Rxa6 $18 {should also have done the job.}) 53... Ke7 54.
h5 Kf7 55. Kf4 $5 {In this very game I have always chosen the safest way.} (55.
e5 fxe5 56. dxe5 $18) 55... Kg7 56. R3a4 Ra7 57. Rc5 Re7 58. Rac4 Rb1 (58...
Re6 59. Kf5 (59. d5 $2 cxd5 60. exd5 Re1 61. Rc6 Rb3 $1 $132 {and White has
problem with his rear.}) 59... Kf7 60. e5 fxe5 61. dxe5 $18) 59. e5 $1 {
Time to advance.} (59. Rc1 Rb4 60. Ke3 Rb3+ 61. R5c3 Reb7 62. Rxb3 Rxb3+ 63.
Kf4 $18) 59... fxe5+ (59... Rf1+ 60. Kg3 Rg1+ 61. Kh3 $1 $18) 60. Rxe5 Rf7+ 61.
Kg5 Rb6 62. Re6 $5 (62. h6+ Kh7 63. Kh5 Rb1 64. Rxc6 $18) 62... Rb5+ 63. Kh4
Rf1 64. Rc5 Rh1+ (64... Rxc5 65. dxc5 Rf6 66. Re7+ Rf7 67. h6+ Kg6 68. Re6+ Rf6
69. Rd6 $1 a5 70. g5 $18) (64... Rd1 65. Rcxc6 Rh1+ 66. Kg3 Rg1+ 67. Kh3 $1 {
and the rooks can not disturb White's monarch.} Rb3+ (67... Rh1+ 68. Kg2) 68.
Kh4 Rh1+ 69. Kg5 Rb5+ 70. Re5 $18) 65. Kg5 Rd1 66. h6+ Kh8 {Black is losing
due to bad king.} (66... Kf7 67. Rf6+ Ke7 68. Rxb5 cxb5 69. h7 Rh1 70. Rh6 $18)
(66... Kf8 67. Rxb5 cxb5 68. h7 $18) (66... Kg8 67. Rxb5 cxb5 68. Kg6 $18) 67.
Rxb5 $1 (67. Rxb5 cxb5 68. Kg6 {gives checkmate.}) 1-0